000
00294nam a2200133Ia 4500
100
_a
Jefferson/ T.B./ Woods/ G.
942
_c
BK
654
_a
Metals
245
_a
Metals and how to weld them
260
_b
James Lincoln
_a
Ohio
_c
1981
082
_a
671.52
300
_a
392
546
_a
ENGLISH
999
_c
34590
_d
34590